MARC details
| 000 -CABECERA |
| campo de control de longitud fija |
01185nam a2200289 u 4500 |
| 005 - FECHA Y HORA DE LA ÚLTIMA TRANSACCIÓN |
| campo de control |
20220817091439.0 |
| 008 - ELEMENTOS DE LONGITUD FIJA--INFORMACIÓN GENERAL |
| campo de control de longitud fija |
191203s2016 mx ad r 000 0 spa d |
| 020 ## - NÚMERO INTERNACIONAL NORMALIZADO PARA LIBROS |
| Número Internacional Estándar del Libro |
9766072807907 |
| Qualifying information |
Universidad Autónoma Metropolitana |
| 020 ## - NÚMERO INTERNACIONAL NORMALIZADO PARA LIBROS |
| Número Internacional Estándar del Libro |
9786075240619 |
| Qualifying information |
Miguel Ángel Porrúa |
| 035 ## - NÚMERO DE CONTROL DEL SISTEMA |
| Número de control de sistema |
UPN01000234585 |
| 040 ## - FUENTE DE LA CATALOGACIÓN |
| Centro catalogador/agencia de origen |
MX-MxUPN |
| Lengua de catalogación |
spa |
| Centro/agencia transcriptor |
MX-MxUPN |
| 050 #4 - SIGNATURA TOPOGRÁFICA DE LA BIBLIOTECA DEL CONGRESO |
| Número de clasificación |
HD1792 |
| Número de documento/Ítem |
S57 2016 |
| 245 00 - MENCIÓN DE TÍTULO |
| Título |
Sistema de innovación del sector agropecuario en México : |
| Resto del título |
tendiendo puentes entre los actores / |
| Mención de responsabilidad, etc. |
Alexandre O. Vera-Cruz, Gabriela Dutrénit, editores. |
| 250 ## - MENCIÓN DE EDICIÓN |
| Mención de edición |
Primera edición |
| 260 ## - PUBLICACIÓN, DISTRIBUCIÓN, ETC. |
| Lugar de publicación, distribución, etc. |
Mexico : |
| Nombre del editor, distribuidor, etc. |
Universidad Autónoma Metropolitana, Unidad Xochimilco : Miguel Ángel Porrúa, |
| Fecha de publicación, distribución, etc. |
2016. |
| 300 ## - DESCRIPCIÓN FÍSICA |
| Extensión |
363 páginas |
| 490 ## - MENCIÓN DE SERIE |
| Mención de serie |
Innovación y desarrollo |
| 650 #0 - ASIENTO SECUNDARIO DE MATERIA - TERMINO TEMATICO |
| 9 (RLIN) |
45367 |
| Término de materia o nombre geográfico como elemento de entrada |
Innovaciones agrícolas |
| Subdivisión geográfica |
México |
| 650 #2 - ASIENTO SECUNDARIO DE MATERIA - TERMINO TEMATICO |
| 9 (RLIN) |
2015 |
| Término de materia o nombre geográfico como elemento de entrada |
Agricultura |
| Subdivisión general |
Investigación |
| Subdivisión geográfica |
México |
| 650 #2 - ASIENTO SECUNDARIO DE MATERIA - TERMINO TEMATICO |
| 9 (RLIN) |
1868 |
| Término de materia o nombre geográfico como elemento de entrada |
Agricultura |
| Subdivisión general |
Aspectos económicos |
| Subdivisión geográfica |
México |
| 650 #4 - ASIENTO SECUNDARIO DE MATERIA - TERMINO TEMATICO |
| 9 (RLIN) |
45369 |
| Término de materia o nombre geográfico como elemento de entrada |
Agricultura |
| Subdivisión geográfica |
México |
| Subdivisión general |
Sociedades, etc. |
| 700 1# - ASIENTO SECUNDARIO--NOMBRE DE PERSONAL |
| Nombre de persona |
Vera-Cruz, Alexandre O. |
| Término indicativo de función/relación |
editor |
| 9 (RLIN) |
45370 |
| 700 1# - ASIENTO SECUNDARIO--NOMBRE DE PERSONAL |
| Nombre de persona |
Dutrénit, Gabriela, |
| Fechas asociadas al nombre |
1957- |
| Término indicativo de función/relación |
editor |
| 9 (RLIN) |
45371 |
| 905 ## - TIPO DE MATERIAL |
| Tipo de material |
Libro |
| 942 ## - ELEMENTOS DE PUNTO DE ACCESO ADICIONAL (KOHA) |
| Suprimir en OPAC |
No |
| Fuente del sistema de clasificación o colocación |
Library of Congress Classification |
| Tipo de ítem Koha |
Libro |